000 00768nam a2200265 i 4500
001 C2-0217466
003 PPAK
005 20180728105932.0
008 990629s1996 my |||| ||||| | may d
020 _a9676901180
040 _aPPAK
_beng
_cPPAK
_erda
082 0 4 _a297.23
_2 23
090 0 0 _a297.23
_bQUT
_dG
100 1 _aQutb, Sayyid,
_d1903-1966
_eauthor
245 1 0 _aKebenaran Al-Quran tentang hari akhirat
250 _aAn'najwa Ismail
264 1 _aBatu Caves, Selangor :
_bThinker's Library ,
_c1996
300 _avii, 328 pages ;
_c22 cm
336 _2rdacontent
_atext
337 _2rdamedia
_aunmediated
338 _2rdacarrier
_avolume
500 _aReferences pages
650 1 0 _aJudgement day (Islam) - Koranic teaching.
942 _ddc
_cB
999 _c160650
_d160650